| 000 | 00980cam a2200253 4500 | ||
|---|---|---|---|
| 008 | 090401t1996 xxu||||| |||| 00| 0 eng d | ||
| 020 | _a011753045X | ||
| 035 | _a(Sirsi) u3971 | ||
| 041 | _aeng | ||
| 050 | _a693.82 | ||
| 110 |
_aUnited Kingdom _bDepartment of the Environment _9982 |
||
| 245 | _aDesign principles of fire safety. | ||
| 260 |
_aLondon _bHMSO _c1996 |
||
| 300 | _avi,291p. : ill. ; 30cm. | ||
| 350 | _a25 | ||
| 520 | _aThe guide, which was commissioned by the DoE from Bickerdike Allen Partners, is aimed at building designers, fire safety officers and building control officers and provides an amplification of the principles behind fire safety legislation. | ||
| 650 | _aBUILT ENVIRONMENT-CONSTRUCTION DESIGN | ||
| 650 | _aFIRE PREVENTION | ||
| 650 | _aMANAGEMENT-HEALTH AND SAFETY-FIRE SAFETY | ||
| 690 | _aBUILT ENVIRONMENT-BUILDING STANDARDS-FIRE REGULATIONS | ||
| 710 |
_aBickerdike Allen Partners _9873 |
||
| 942 | _n0 | ||
| 948 | _c04/03/1997 | ||
| 999 |
_c85977 _d85977 |
||